Teoría de los grupos
محفوظ في:
| المؤلف الرئيسي: | |
|---|---|
| التنسيق: | كتاب |
| اللغة: | الإسبانية |
| منشور في: |
Ciudad de México
Centro Regional de Ayuda Técnica
1969
|
| سلاسل: | Biblioteca de Matemática Superior
|
| الموضوعات: | |
| الوسوم: |
إضافة وسم
لا توجد وسوم, كن أول من يضع وسما على هذه التسجيلة!
|
MARC
| LEADER | 00000nam a2200000 a 4500 | ||
|---|---|---|---|
| 001 | UCX0244 | ||
| 003 | CL-VaPUC | ||
| 008 | 890831e19690000MX |||||||||||||||||spa|d | ||
| 082 | 0 | 4 | |a 512.2 |b HAL |2 21 |
| 100 | |a Hall, Marshall |e author |9 422247 | ||
| 245 | 1 | 0 | |a Teoría de los grupos |
| 300 | |a 440 p | ||
| 942 | |c BK | ||
| 945 | |d 19890831 00:00:00 | ||
| 260 | |a Ciudad de México |b Centro Regional de Ayuda Técnica |c 1969 | ||
| 650 | 0 | |a Teoría de grupos |9 270028 | |
| 583 | |a last modification |c 20130306 02:48:58 |k Rodrigo Vera | ||
| 490 | 0 | |a Biblioteca de Matemática Superior | |
| 999 | |c 221907 |d 221905 | ||
| 952 | |0 0 |1 0 |4 0 |6 512_200000000000000_HAL_1969 |7 0 |8 A |9 215946 |a BIBCUR |b BIBCUR |d 2019-11-15 |i 3178617 |o 512.2 HAL 1969 |p 3178617 |r 2025-04-22 |w 2019-11-15 |y BK |k BCB | ||
| 952 | |0 0 |1 0 |4 0 |6 512_200000000000000_HAL_1969 |7 0 |8 A |9 215948 |a BIBMAT |b BIBMAT |d 2019-11-15 |i 1303651 |l 1 |o 512.2 HAL 1969 |p 1303651 |r 2025-03-11 |s 2025-03-11 |w 2019-11-15 |y BK |k MAT | ||
| 952 | |0 0 |1 0 |4 0 |6 512_200000000000000_HAL_1969 |7 0 |8 A |9 215949 |a BIBMAT |b BIBMAT |d 2019-11-15 |i 130934K |l 1 |o 512.2 HAL 1969 |p 130934K |r 2025-03-11 |s 2025-03-11 |w 2019-11-15 |y BK |k MAT | ||
| 952 | |0 0 |1 0 |4 0 |6 512_200000000000000_HAL_1969 |7 0 |8 A |9 215950 |a BIBCUR |b BIBCUR |d 2019-11-15 |i 464901K |o 512.2 HAL 1969 |p 464901K |r 2025-04-22 |w 2019-11-15 |y BK |k FIS | ||